Missing Word: Werewolves in Film Quiz Stats

Quiz Updated Jan 4, 2016

Challenge
Share
Tweet
Embed
Score 0/16 Timer 03:00
0 Plays Today
Film Missing Word % Correct
Red ______ HoodRiding
97.4%
An ________ Werewolf in LondonAmerican
94.7%
The ________ GrimmBrothers
94.5%
____ WolfTeen
93.8%
____ ShadowsDark
88.1%
Harry Potter and the ________ of AzkabanPrisoner
87.4%
I Was a _______ WerewolfTeenage
80.2%
Van _______Helsing
78.4%
Film Missing Word % Correct
The Twilight Saga: New ____Moon
77.8%
Hotel ____________Transylvania
59.7%
___ FishBig
57.8%
The ____ ManWolf
51.1%
Underworld: ____ of the LycansRise
50.7%
The Mortal ___________: City of BonesInstruments
30.2%
The _____ of the WerewolfCurse
26.1%
Ginger _____Snaps
23.8%

Today's Daily Dose

You're not logged in!

Compare scores with friends on all Sporcle quizzes.
Sign Up with Email
OR
Log In

You Might Also Like...

Show Comments

Extras

Top Quizzes Today


Score Distribution

Your Account Isn't Verified!

In order to create a playlist on Sporcle, you need to verify the email address you used during registration. Go to your Sporcle Settings to finish the process.